| 000 | 00843cab a2200193 4500 | ||
|---|---|---|---|
| 001 | ABS38316 | ||
| 008 | 090401t1987 xxu||||| |||| 00| 0 eng d | ||
| 035 | _a(Sirsi) u9921 | ||
| 041 | _aeng | ||
| 245 | _aPitching through the paperwork without panic | ||
| 260 | _c1987 | ||
| 350 | _a0 | ||
| 490 |
_aMoney Week _v(30) 22 October 1987, 22(1) |
||
| 520 | _aEvery member of a brokerage who will be giving investment advice to the public must register with a Self-Regulatory Organisation (SRO). This article includes a checklist of information which should be included on a FIMBRA application form. FIMBRA and TSA are the two most likely options for surveyors who carry out investment business. | ||
| 650 | _aFINANCIAL SERVICES ACT 1986 | ||
| 690 | _aMANAGEMENT-BUSINESS MANAGEMENT-PROFESSIONAL PRACTICE | ||
| 942 | _n0 | ||
| 948 | _c04/03/1997 | ||
| 999 |
_c6240 _d6240 |
||